music trivia: 1963 songs and artists - Statistics

General Stats
  • This quiz has been taken 153 times
  • The average score is 8 of 15
Answer Stats
This song is by... ...this artist or group % Correct
Ring of Fire Johnny Cash
96%
Puff the Magic Dragon Peter, Paul and Mary
84%
Surfer Girl The Beach Boys
84%
Be My Baby The Ronettes
73%
(You're the) Devil in Disguise Elvis Presley
71%
Surf City Jan and Dean
69%
From Me to You The Beatles
60%
One Fine Day The Chiffons
45%
Another Saturday Night Sam Cooke
40%
The End of the World Skeeter Davis
39%
Da Do Ron Ron The Crystals
33%
Ruby Baby Dion
29%
Busted Ray Charles
28%
Pride and Joy Marvin Gaye
21%
Just One Look Doris Troy
19%
No matching quizzes found
Score Distribution
Percent of People with Each Score
Percentile by Number Answered
Your Score History
You have not taken this quiz